Vista normal
Vista MARC
Entrada Topical Term
Número de registros utilizados en: 1
001 - CONTROL NUMBER
- control field: 38566
003 - CONTROL NUMBER IDENTIFIER
- control field: OSt
005 - DATE AND TIME OF LATEST TRANSACTION
- control field: 20210719142328.0
008 - FIXED-LENGTH DATA ELEMENTS
- fixed length control field: 210719|| aca||aabn | a|a d
040 ## - CATALOGING SOURCE
- Original cataloging agency: OSt
- Transcribing agency: OSt
150 ## - HEADING--TOPICAL TERM
- Topical term or geographic name entry element: Economía internacional
670 ## - SOURCE DATA FOUND
- Source citation: Work cat.: (OSt)11942: Estados Unidos. Embajada. Servicio Cultural e informativo. (Colombia). 38565, La perspectivas económicas la reforma de la arquitectura financiera mundial /, 1998?